Cesta okolo Slnka Január
| Main Author: | |
|---|---|
| Format: | Article |
| Language: | Slovak |
| ISSN: | 1335-020X |
| Subjects: |
MARC
| LEADER | 00000nab a2200000 a 4500 | ||
|---|---|---|---|
| 001 | vtls011467557 | ||
| 003 | SK-MaSNL | ||
| 005 | 20260305001013.0 | ||
| 008 | 160120 2016 xo m 000 0 slo | ||
| 015 | |a SNKBRB 2016/01 | ||
| 038 | |a KEKMK | ||
| 040 | |a KEKMK |b slo |c KEKMK |e AACR2 | ||
| 041 | |a slo | ||
| 044 | |a xo |c SK | ||
| 100 | 1 | |a Feldek, Ľubomír, |d 1936- |4 aut |9 89477 | |
| 245 | 1 | 0 | |a Cesta okolo Slnka |b Január |c Ľubomír Feldek |
| 650 | 0 | 7 | |a literatúra pre deti a mládež |2 kekmk |9 21893 |
| 773 | 0 | |t Fifík |g Roč. 25, č. 5 (2016), s. 2 |x 1335-020X | |
| 958 | |a DB | ||
| 999 | |c 3216890 |d 3218820 | ||


